000 00880cam a2200277 a 4500
001 34887
003 BD-RjUL
005 20211209052227.0
008 140519s2006 enka b 001 0 eng
020 _a074560255X
035 _a(UkLCURL)b900133864367
035 _a(OCoLC)863270015
_a(BD-RjUL)34981
040 _aBDS
_beng
_cBD-RjUL
041 _aeng
082 1 4 _a301
_222
_bGIS 2006
100 1 _aGiddens, Anthony.
_96245
245 1 0 _aSociology /
_cAnthony Giddens.
250 _a5th ed.
260 _aCambridge :
_bPolity,
_cc2006.
300 _axxiv, 1094 p. :
_bcol. ill. ;
_c32 cm.
500 _aPrevious ed.: Sociology / Anthony Giddens and Karen Birdsall. Oxford : Polity, 2001.
504 _aIncludes bibliographical references, bibliography (p. [970]-1006), and index.
650 0 _aSociology.
_9106203
700 1 _aGriffiths, Simon.
_9106204
942 _2ddc
_cBK
999 _c34887
_d34887